古文助動詞接続 - Statistics

General Stats
  • This quiz has been taken 27 times
  • The average score is 7 of 10
Answer Stats
Question Answer % Correct
らる 未然形
100%
未然形
100%
むず 未然形
100%
未然形
100%
まし 未然形
100%
まほし 未然形
100%
けむ 連用形
100%
まじ 終止形
88%
さす 未然形
86%
連用形
86%
未然形
83%
未然形
83%
サ行変格活用未然形、四段活用已然形
80%
たり 連用形
75%
たし 連用形
75%
らむ 終止形
75%
連用形
71%
未然形
67%
連用形
67%
けり 連用形
63%
しむ 未然形
60%
べし 終止形
50%
ごとし 連体形、体言
50%
めり 終止形
43%
なり(形容動詞型活用) 連体形、体言
40%
なり(ラ行変格型活用) 終止形
29%
たり 体言
0%
No matching quizzes found
Score Distribution
Percent of People with Each Score
Percentile by Number Answered
Your Score History
You have not taken this quiz